Normal view
MARC view
Entry Personal Name
001 - CONTROL NUMBER
- control field: 14318
003 - CONTROL NUMBER IDENTIFIER
- control field: ARRUPE
005 - DATE AND TIME OF LATEST TRANSACTION
- control field: 20150120134454.0
008 - FIXED-LENGTH DATA ELEMENTS
- fixed length control field: 150120|| aca||aabn | a|a d
040 ## - CATALOGING SOURCE
- Original cataloging agency: ARRUPE
- Transcribing agency: ARRUPE
100 ## - HEADING--PERSONAL NAME
- Personal name: Galvani, Luigi,
- Dates associated with a name: 1737-1798.
670 ## - SOURCE DATA FOUND
- Source citation: Work cat.: (ARRUPE)0: Pera, Marcello, 1943- 14317, The ambiguous frog :, c1992.